| 000 | 00855nam a2200217Ii 4500 | ||
|---|---|---|---|
| 003 | JO-AjNU | ||
| 008 | 230605s9999||||xx |||||||||||||| ||und|| | ||
| 017 | _a2009/8/3628 | ||
| 020 | _a978-9957-428-36-5 | ||
| 040 |
_aJO-AjNU _bara _erda _cJO-AjNU |
||
| 041 | _aara | ||
| 050 | 1 | 4 | _aDS154.16.S33.D37 2009 |
| 100 | 3 |
_aدرادكة، فتحي محمد, _eauthor _941012 |
|
| 245 | 0 | 0 | _aالتاريخ السياسي للعلاقات الأردنية السعودية 1953-1967 م |
| 264 | 3 | 1 | _aعمان: اللجنة العليا لكتابة تاريخ الاردن، 2009 |
| 300 |
_a341ص _bيشتمل على فهارس من ص (319-335) |
||
| 336 |
_atext _btxt _2rdacontent |
||
| 337 |
_aunmediated _bn _2rdamedia |
||
| 338 |
_avolume _bnc _2rdacarrier |
||
| 650 | 4 |
_aالعلاقات الدولية -الاردن-السعودية1952-1967 م _941013 |
|
| 999 |
_aA17450 _c21018 _d21018 |
||